[Event "PNWCC Online blitz JP 2nd"]
[Site "Chess.com INT"]
[Date "2020.03.21"]
[Round "11"]
[White "Chen, Benjamin"]
[Black "Stevic, Hrvoje"]
[Result "1-0"]
[WhiteElo "2028"]
[BlackElo "2570"]
[PlyCount "91"]
[EventDate "2020.03.21"]
[EventType "swiss (blitz)"]
[EventRounds "11"]
[EventCountry "USA"]
[SourceTitle "CBM 195 Extra"]
[Source "ChessBase"]
[SourceDate "2020.05.31"]
[SourceVersion "1"]
[SourceVersionDate "2020.05.31"]
[SourceQuality "1"]

1. d4 d5 2. c4 dxc4 3. e3 e5 4. Bxc4 exd4 5. exd4 Bd6 6. Nf3 Nf6 7. 0-0 0-0 8. Nc3 Nc6 9. Bg5 h6 10. Bh4 Bg4 11. Re1 Bxf3 12. Qxf3 Nxd4 13. Qd3 Nc6 14. Rad1 Ne5 15. Qf1 Ng6 16. Bg3 a6 17. Qd3 Bxg3 18. Qxg3 Qc8 19. Qxg6 b5 20. Bb3 c5 21. Qg3 c4 22. Bc2 b4 23. Ne4 Qc6 24. Qf3 Nh7 25. Rd6 Qb5 26. Red1 Rae8 27. R6d5 Qb8 28. Qf5 g6 29. Qh3 Qf4 30. g3 Qf3 31. Qg2 Qg4 32. h3 Qe6 33. Rd6 Qe5 34. Qf1 b3 35. axb3 cxb3 36. Bb1 Qxb2 37. Qxa6 Qg7 38. h4 b2 39. h5 gxh5 40. Rxh6 Rxe4 41. Bxe4 Ng5 42. Bb1 h4 43. Rxh4 Nf3+ 44. Kh1 Nxh4 45. gxh4 Qg4 46. Rg1 1-0

[Event "PNWCC Online blitz JP 2nd"]
[Site "Chess.com INT"]
[Date "2020.03.21"]
[Round "4"]
[White "Wu, Rochelle"]
[Black "Chen, Benjamin"]
[Result "1-0"]
[WhiteElo "2028"]
[BlackElo "2028"]
[PlyCount "83"]
[EventDate "2020.03.21"]
[EventType "swiss (blitz)"]
[EventRounds "11"]
[EventCountry "USA"]
[SourceTitle "CBM 195 Extra"]
[Source "ChessBase"]
[SourceDate "2020.05.31"]
[SourceVersion "1"]
[SourceVersionDate "2020.05.31"]
[SourceQuality "1"]

1. Nf3 e6 2. d4 Nf6 3. c4 d5 4. Nc3 Bb4 5. cxd5 exd5 6. Bg5 h6 7. Bh4 c6 8. e3 Bf5 9. Bd3 Bxd3 10. Qxd3 0-0 11. 0-0 Nbd7 12. a3 Be7 13. Rac1 a5 14. Nd2 Re8 15. f3 Qb6 16. Na4 Qc7 17. Bg3 Bd6 18. Bxd6 Qxd6 19. Rfe1 Rad8 20. Nb3 Qc7 21. Nac5 Nxc5 22. Rxc5 Nd7 23. Rc3 a4 24. Nd2 Qb6 25. Qc2 Nf6 26. Rd3 Qa7 27. Nb1 Nd7 28. Nc3 Nb6 29. g3 f5 30. Kg2 g6 31. e4 Re7 32. Rde3 Nc4 33. R3e2 dxe4 34. fxe4 Rxd4 35. exf5 Rxe2+ 36. Rxe2 gxf5 37. Qxf5 Rd2 38. Qe6+ Kg7 39. Qxc4 Rxe2+ 40. Qxe2 Qd4 41. Qe7+ Kg6 42. Qe4+ 1-0

[Event "Charlotte op"]
[Site "Charlotte"]
[Date "2020.01.05"]
[Round "9"]
[White "Chen, Benjamin"]
[Black "Narayanan, Samrug"]
[Result "0-1"]
[WhiteElo "2046"]
[BlackElo "2185"]
[PlyCount "66"]
[EventDate "2020.01.01"]
[EventType "swiss"]
[EventRounds "9"]
[EventCountry "USA"]
[SourceTitle "CBM 194 Extra"]
[Source "ChessBase"]
[SourceDate "2020.03.31"]
[SourceVersion "1"]
[SourceVersionDate "2020.03.31"]
[SourceQuality "1"]

1. d4 d5 2. c4 e6 3. Nf3 Nf6 4. g3 dxc4 5. Bg2 Nc6 6. Qa4 Bb4+ 7. Bd2 Nd5 8. Qb5 Bxd2+ 9. Nbxd2 c3 10. bxc3 Nxc3 11. Qb2 Nd5 12. 0-0 0-0 13. Rfc1 Nde7 14. e3 a5 15. Rab1 Rb8 16. Qc2 b6 17. Ng5 Nf5 18. Qxc6 Qxg5 19. Qxc7 Ba6 20. Qa7 Bd3 21. Rxb6 Rxb6 22. Qxb6 Nxe3 23. Nf3 Qh6 24. Ne5 Bf5 25. Qc6 Nxg2 26. Kxg2 Be4+ 27. Qxe4 Qxc1 28. h4 Qb2 29. a4 Qb3 30. Qf4 Qxa4 31. h5 f6 32. Ng4 Qc6+ 33. Kh2 h6 0-1

[Event "Charlotte op"]
[Site "Charlotte"]
[Date "2020.01.01"]
[Round "1"]
[White "Chen, Benjamin"]
[Black "Tsolakidou, Stavroula"]
[Result "1/2-1/2"]
[WhiteElo "2046"]
[BlackElo "2403"]
[PlyCount "148"]
[EventDate "2020.01.01"]
[EventType "swiss"]
[EventRounds "9"]
[EventCountry "USA"]
[SourceTitle "CBM 194 Extra"]
[Source "ChessBase"]
[SourceDate "2020.03.31"]
[SourceVersion "1"]
[SourceVersionDate "2020.03.31"]
[SourceQuality "1"]

1. d4 Nf6 2. c4 e6 3. g3 c5 4. d5 exd5 5. cxd5 d6 6. Nc3 g6 7. Nf3 Bg7 8. Bg2 0-0 9. 0-0 Nbd7 10. Bf4 Qe7 11. a4 Ng4 12. Bg5 f6 13. Bd2 Nge5 14. Rb1 b6 15. b4 Nxf3+ 16. exf3 cxb4 17. Rxb4 Nc5 18. Re1 Qd7 19. Bf1 f5 20. Nb5 Ba6 21. Bf4 Rfd8 22. Re3 Bf6 23. h4 Bxb5 24. Bxb5 Qg7 25. Bc6 Rac8 26. Bg5 Rf8 27. Qe2 Rc7 28. Rb1 Be5 29. f4 Bd4 30. Re7 Rxe7 31. Bxe7 Bxf2+ 32. Kg2 Ne4 33. Bxf8 Kxf8 34. Rc1 Bxg3 35. Bb5 Qf6 36. Bd3 Bxf4 37. Rc8+ Kg7 38. Bxe4 fxe4 39. Qxe4 Qxh4 40. Rc7+ Kh6 41. Rc3 Qg5+ 42. Kf1 Be5 43. Qh1+ Kg7 44. Rc7+ Kf6 45. Qf3+ Qf5 46. Qxf5+ Kxf5 47. Rxh7 a5 48. Rh4 Bf4 49. Ke2 Ke4 50. Rh3 Kxd5 51. Rb3 Kc5 52. Rb5+ Kc6 53. Kf3 Bd2 54. Rb2 Bb4 55. Ke4 d5+ 56. Kd4 g5 57. Rg2 Be7 58. Rc2+ Bc5+ 59. Ke5 d4 60. Rf2 Bd6+ 61. Ke4 Kc5 62. Rb2 g4 63. Kd3 g3 64. Rb5+ Kc6 65. Rg5 Bf4 66. Rg4 Be5 67. Ke4 Bd6 68. Kxd4 b5 69. axb5+ Kxb5 70. Kc3 Kc6 71. Rg5 Bc7 72. Kc4 Kd7 73. Rg7+ Kc6 74. Rg5 Kd7 1/2-1/2